000 01766nam a2200253Ia 4500
003 Ost
005 20260416102352.0
008 260416s9999||||xx |||||||||||||| ||und||
040 _cfsecg
041 _aara
082 _a350
100 _aجدار، رياض
_eمؤلف
245 0 _aمحاضرات في مقياس مدخل إدارة أعمال /
_c رياض جدار
260 _aالجزائر
_bجامعة الجزائر3: كلية العلوم الإقتصادية، العلوم التجارية وعلوم التسيير
_c2017
300 _a197 ورقة
_bايضاحات
_c30 سم
504 _aمراجع ص. 193
520 _aمفاهيم وتعاريف حول الادارة، الادارة والعلوم الأخرى، نظرية الادارة العلمية-تايلور-، ماهية المدرسة السلوكية في الادارة، مدرسة علم الادارة مدرسة النظم الادارة بالاهداف، المدارس الحديثة، وظيفة التخطيط في الادارة، وظيفة التنظيم في الادارة، وظيفة التوجيه في الادارة، وظيفة الرقابة، نظام الحوافز في الادارة، ماهية القيادة في الادارة، مفهوم اتخاذ القرارات في الادارة، ادارة الوقت في الادارة، ادارة الابداع في الادارة، ادارة الأزمات في الادارة.
653 _aاتخاذ القرارات
653 _aالادارة
653 _aالتخطيط
653 _aالتنظيم
710 _aجامعة الجزائر3: كلية العلوم الإقتصادية، العلوم التجارية وعلوم التسيير
_eناشر علمي
942 _cHANDOUT
999 _c41048
_d41048